Pc hardware a beginner`s guide. (Record no. 133)
[ view plain ]
| 000 -LEADER | |
|---|---|
| fixed length control field | 00535cam a2200205ua 4500 |
| 008 - FIXED-LENGTH DATA ELEMENTS--GENERAL INFORMATION | |
| fixed length control field | 110322n ii |||gr||||Z||||||eng |
| 020 ## - INTERNATIONAL STANDARD BOOK NUMBER | |
| International Standard Book Number | 978-0-07-044736-3 |
| 020 ## - INTERNATIONAL STANDARD BOOK NUMBER | |
| International Standard Book Number | 0-07-044736-5 |
| 040 ## - CATALOGING SOURCE | |
| Transcribing agency | MAIN |
| 082 ## - DEWEY DECIMAL CLASSIFICATION NUMBER | |
| Classification number | 005.4 |
| 245 ## - TITLE STATEMENT | |
| Title | Pc hardware a beginner`s guide. |
| Statement of responsibility, etc. | By Ron Gilster. |
| 250 ## - EDITION STATEMENT | |
| Edition statement | 1st. |
| 260 ## - PUBLICATION, DISTRIBUTION, ETC. | |
| Place of publication, distribution, etc. | [s.l]: |
| Name of publisher, distributor, etc. | Tata mcgraw hill., |
| Date of publication, distribution, etc. | 2001. |
| 300 ## - PHYSICAL DESCRIPTION | |
| Extent | xx, 651 p.: |
| Other physical details | ill.; |
| Dimensions | 21 cm. |
| 700 1# - ADDED ENTRY--PERSONAL NAME | |
| Personal name | Gilster, Ron., |
| 942 ## - ADDED ENTRY ELEMENTS (KOHA) | |
| Koha item type | Books |
| 653 ## - INDEX TERM--UNCONTROLLED | |
| Uncontrolled term | Computer science. |
| 653 ## - INDEX TERM--UNCONTROLLED | |
| Uncontrolled term | PC hardware a beginners guide. |
| Withdrawn status | Lost status | Damaged status | Not for loan | Home library | Current library | Shelving location | Date acquired | Total Checkouts | Full call number | Barcode | Date last seen | Copy number | Price effective from | Koha item type |
|---|---|---|---|---|---|---|---|---|---|---|---|---|---|---|
| Central Library, Naharkatiya College | Central Library, Naharkatiya College | General Stacks | 19/09/2020 | 005.4 | GIL | 20037 | 19/09/2020 | 1 | 19/09/2020 | Books |
